00278nam a2200121Ia 4500008004100000100001100041245003200052260003000084300000800114650001000122942000700132999001700139190216s9999||||xx |||||||||||||| ||und|| aJoshin 0aHindi- Vayu K Adbuth Prayog bAsiant Publicationsc2010 a142 aHindi cBK c16837d16837